000 00631nam a2200277Ia 4500
005 20260324120714.0
008 008 260324s9999 xx 000 0 eng d
020 _a9781315609676
037 _aEBOOK
040 _aCRL
040 _beng
040 _cCRL
041 _2eng
041 _aeng
084 _qCRL
100 _aChristian Aspalter
_91041790
245 0 _aSocial Work in East Asia
260 _bTaylor and Francis
260 _c2014
365 _a
365 _b255
856 _uhttp://www.taylorfrancis.com/books/9781315609676
942 _cEBOOK
999 _c1751310
_d1751310